| 000 | 01110cam a2200253Ii 4500 | ||
|---|---|---|---|
| 001 | lovepoemsforrain00wyse | ||
| 003 | CaSfIA | ||
| 005 | 20210118165633.0 | ||
| 007 | cr|||| | ||
| 008 | 791023s1979 ohua 000 0 eng d | ||
| 040 |
_aGZX _cGZX _dKSU _dCaSfIA |
||
| 035 | _a(OCoLC)5577801 | ||
| 050 | 1 | 4 |
_aPS3573.Y74 _bL68x 1979 |
| 092 |
_a811 _bW |
||
| 100 | 1 | _aWyse, Lois. | |
| 245 | 1 | 0 |
_aLove poems for a rainy day. _h[electronic resource] |
| 260 |
_aPepper Pike, Ohio : _bGarret Press, _cc1979. |
||
| 300 |
_a52 p. : _bcol. ill. ; _c20 cm. |
||
| 856 | 4 | 1 |
_uhttp://www.archive.org/details/lovepoemsforrain00wyse _zFree eBook from the Internet Archive |
| 856 | 4 | 2 |
_uhttp://www.openlibrary.org/books/OL24370882M _zAdditional information and access via Open Library |
| 942 | _cEB | ||
| 506 | _fНеобхідна авторизація на https://archive.org/ (створення облікового запису безкоштовно) | ||
| 506 | _fНеобхідна авторизація на https://openlibrary.org/ (створення облікового запису безкоштовно) | ||
| 999 |
_c520991 _d520991 |
||